| 000 | 00589nam a22001817a 4500 | ||
|---|---|---|---|
| 005 | 20240522120141.0 | ||
| 010 | _aENG-140466 | ||
| 020 |
_c750.00 _a9789394609013 |
||
| 035 | _aEN-123998 | ||
| 037 | _bDBAD | ||
| 082 | _a617.1027 072 | ||
| 100 |
_aMoorthy, A.M. _966725 |
||
| 245 |
_aResearch Methods In Sports Medicine And Exercise Sciences/ _cBy A. M. Moorthy |
||
| 260 |
_bSree Balaji Medical College & Hospital _c2022 _aTamilnadu |
||
| 270 |
_aChromepet, Chennai _bTamilnadu _e600044 |
||
| 300 |
_axiv, 370p. _c22cm(pbk) |
||
| 942 |
_2ddc _cEN _h617.1027 072 _mMOO |
||
| 999 |
_c203152 _d203152 |
||